书目信息 |
| 题名: |
康复护理学理论与方法研究
|
|
| 作者: | 张迎霞 著 | |
| 分册: | ||
| 出版信息: | 北京 中国水利水电出版社 2014 |
|
| 页数: | 210页 | |
| 开本: | 24cm | |
| 丛书名: | ||
| 单 册: | ||
| 中图分类: | R49 | |
| 科图分类: | ||
| 主题词: | 康复医学--护理学 , 康复医学 , 护理学 | |
| 电子资源: | ||
| ISBN: | 978-7-5170-1986-2 | |
| 000 | 00801nam0 2200253 450 | |
| 001 | 012015000499 | |
| 005 | 20150914160943.59 | |
| 010 | @a978-7-5170-1986-2@dCNY42.00 | |
| 100 | @a20141209d2014 em y0chiy50 ea | |
| 101 | 0 | @achi |
| 102 | @aCN@b110000 | |
| 105 | @aa z 000yy | |
| 106 | @ar | |
| 200 | 1 | @a康复护理学理论与方法研究@Akang fu hu li xue li lun yu fang fa yan jiu@f张迎霞著 |
| 210 | @a北京@c中国水利水电出版社@d2014 | |
| 215 | @a210页@c图@d24cm | |
| 330 | @a本书内容包括:绪论、康复护理的理论基础、康复护理的评定内容及具体方法、康复治疗技术、康复护理的基本技术等。 | |
| 606 | 0 | @a康复医学@x护理学 |
| 606 | 0 | @a康复医学 |
| 606 | 0 | @a护理学 |
| 690 | @aR49@v5 | |
| 701 | 0 | @a张迎霞@Azhang ying xia@f(1969-)@4著 |
| 801 | 0 | @aCN@b碧洲教育@c20150716 |
| 905 | @a10447@f4@dR49@e100 | |
| 康复护理学理论与方法研究/张迎霞著.-北京:中国水利水电出版社,2014 |
| 210页:图;24cm |
| ISBN 978-7-5170-1986-2:CNY42.00 |
| 本书内容包括:绪论、康复护理的理论基础、康复护理的评定内容及具体方法、康复治疗技术、康复护理的基本技术等。 |
| ● |
| 相关链接 |
|
|
|
|
正题名:康复护理学理论与方法研究
索取号:R49/100
 
预约/预借
| 序号 | 登录号 | 条形码 | 馆藏地/架位号 | 状态 | 备注 |
| 1 | 0849131 | 208491318 | 第二样本阅览室/ [索取号:R49/100] | 在馆 | |
| 2 | 0849132 | 208491327 | 第三借阅区/ [索取号:R49/100] | 在馆 | |
| 3 | 0849133 | 208491336 | 第三借阅区/ [索取号:R49/100] | 在馆 | |
| 4 | 0849134 | 208491345 | 第三借阅区/ [索取号:R49/100] | 在馆 |